| 000 | 00733nam a22002297a 4500 | ||
|---|---|---|---|
| 005 | 20170124105952.0 | ||
| 010 | _aA-944363 | ||
| 020 |
_c00.00 _a8170366143 |
||
| 035 | _aA-944363 | ||
| 037 | _bCen Lib/Ret | ||
| 040 |
_aDPL _bEN |
||
| 082 | _a332.6327 | ||
| 100 |
_aSadhak, H. _913705 |
||
| 245 |
_aMutual funds in India : _cby H. Sadhak _bmarketing strategies and investment practices / |
||
| 260 |
_aNew Delhi _bResponse Books _c1997 |
||
| 270 |
_a32M-Block Market Greater Kailash-I _bNew Delhi _e110048 |
||
| 300 |
_a267p. _c21cm(Hb) |
||
| 500 | _aIncludes bibliographical reference and index | ||
| 650 |
_aEconomics _979986 |
||
| 650 |
_aMutual funds _zIndia _913707 |
||
| 942 |
_2ddc _cEN _h332.6327 _mSAD |
||
| 999 |
_c125323 _d125323 |
||